| 000 | 00759nam a2200229Ia 4500 | ||
|---|---|---|---|
| 003 | GCL | ||
| 008 | 140319s9999 xx 000 0 ara d | ||
| 020 | _a725409960 | ||
| 040 |
_aGCL / _cGCL |
||
| 082 | 0 | 4 |
_a212.1 _bع م |
| 100 | 1 | _aعدنان الطرشة | |
| 245 | 1 | 0 |
_aماذا يحب الله جل جلاله وماذا يبغض / _cعدنان الطرشة |
| 250 | _aالخامسة | ||
| 260 |
_aالرياض : _bمكتبة العبيكان ، _c2005 |
||
| 300 |
_a506 ص ؛ _c24 سم |
||
| 650 | 0 | 4 | _aالاخلاق الاسلامية |
| 650 | 0 | 4 | _aالاسلام - دعوة |
| 650 | 0 | 4 | _aالاداب الاسلامية |
| 650 | 0 | 4 | _aالاسلام والاصلاح السياسى |
| 650 | 0 | 4 | _aالوعظ والارشاد |
| 942 |
_2ddc _cBK |
||
| 999 |
_c7903 _d7903 |
||